Statistics for Countries by Guns per Capita

Click here to take the quiz!

General Stats

  • This quiz has been taken 2,849 times
  • The average score is 7 of 15

Answer Stats

HintAnswer% Correct
89.0United States of America
97%
30.8Canada
79%
30.3Germany
65%
31.2France
58%
34.2Iraq
53%
45.7Switzerland
51%
31.6Sweden
49%
45.3Finland
48%
31.3Norway
48%
30.4Austria
37%
35Saudi Arabia
37%
54.8Yemen
30%
58.2Serbia
25%
36.1Cyprus
8%
31.8Uruguay
7%

Score Distribution

Percentile by Number Answered

Percent of People with Each Score

Your Score History

You have not taken this quiz